| 000 | 01296cam a2200265 4500 | ||
|---|---|---|---|
| 001 | WB@3612-573 | ||
| 008 | 041005n2004 000 0 eng u | ||
| 035 | _a(Sirsi) u127627 | ||
| 245 | _aAccounting for leaseholders monies: RICS response | ||
| 260 | _c2004 | ||
| 490 |
_aRICS News Service _v28 September 2004 (1) |
||
| 520 | _aRICS has responded to the ODPM consultation "Accounting for leaseholders monies and summaries of tenants rights and obligations". The regulations will affect both managing agents and leaseholders involved in Right to Manage companies. The response lists RICS principal concerns including the imposition of setting up separate accounts, the handling of multiple bank accounts by current software systems and the introduction of a criminal sanction for failure to present all papers to lessees within a six month period. http://www.rics.org/Property/Leaseholdproperty/lea seholdmonies.htm | ||
| 590 | _aWB | ||
| 590 | _aWB | ||
| 650 | _aLEASEES | ||
| 650 | _aACCOUNTS | ||
| 650 | _aRIGHT TO MANAGE | ||
| 650 | _aSERVICE CHARGES | ||
| 650 | _aLEASEHOLDERS MONIES | ||
| 650 | _aTENANTS OBLIGATIONS | ||
| 650 | _aTENANTS' RIGHTS | ||
| 650 | _aCOMMONHOLD AND LEASEHOLD REFORM ACT 2002 | ||
| 690 | _aLANDLORD AND TENANT-LEASEHOLD REFORM | ||
| 942 | _n0 | ||
| 999 |
_c118123 _d118123 |
||